• 首页
  • 本馆介绍
  • 公告通知
  • 最新文献
  • 馆藏检索
  • 电子资源
  • 读者导购
  • 参考咨询
  • 我的图书馆
  • 登录
  • 详细信息显示
  • 放入我的书架
  • 预约/预借图书
  • 作者相关作品
  • 分类相关作品
  • 丛书相关作品
  • 出版社相关作品

书目信息

  • 表格格式
  • 工作单格式
  • 卡片格式
题名:
生理学学习与实验指导
    
 
作者: 王黎明 主编
分册:  
出版信息: 北京   电子工业出版社  2016.09
页数: 208页
开本: 26cm
丛书名:
单 册:
中图分类: Q4-33
科图分类:
主题词: 生理学--sheng li xue--实验--医学院校--教学参考资料
电子资源:
ISBN: 978-7-121-29300-9
000 01063nam0 2200241 450
001 0109110226
005 20201109110339.0
010    @a978-7-121-29300-9@dCNY37.00
100    @a20181129e20192016em y0chiy50 ea
101 0  @achi
102    @aCN@b110000
105    @aa zq 000yy
106    @ar
200 1  @a生理学学习与实验指导@Asheng li xue xue xi yu shi yan zhi dao@f王黎明主编
210    @a北京@c电子工业出版社@d2016.09@h2019.07
215    @a208页@c图@d26cm
300    @a高等医药院校基础医学实验教学系列规划教材供本、专科医学类相关专业学生使用
330    @a本书详细介绍了生理学动物实验的基本方法和试验报告书写的基本原则,内容分为上下两篇。上篇为实验,主要包括反射弧分析、ABO血型的鉴定、人体心音听诊、血循环血流观察、色盲检查、胰岛素引起低血糖的观察等。下篇为学习指导,包括细胞的基本功能、循环系统、能量代谢和体温、感觉器官、内分泌等方面的练习题。
606 0  @a生理学@Asheng li xue@x实验@x医学院校@j教学参考资料
690    @aQ4-33@v5
701  0 @a王黎明@Awang li ming@c(生理学)@4主编
801  0 @aCN@bBJSZM@c20201103
905    @b1241179-82@dQ4-33@e36@f4
    
    生理学学习与实验指导/王黎明主编.-北京:电子工业出版社,2016.09(2019.07)
    208页:图;26cm
    高等医药院校基础医学实验教学系列规划教材供本、专科医学类相关专业学生使用
    
    ISBN 978-7-121-29300-9:CNY37.00
    本书详细介绍了生理学动物实验的基本方法和试验报告书写的基本原则,内容分为上下两篇。上篇为实验,主要包括反射弧分析、ABO血型的鉴定、人体心音听诊、血循环血流观察、色盲检查、胰岛素引起低血糖的观察等。下篇为学习指导,包括细胞的基本功能、循环系统、能量代谢和体温、感觉器官、内分泌等方面的练习题。
●
相关链接 在E读中查询图书 在五车中查询图书 在当当中查询图书 在豆瓣中查询图书


正题名:生理学学习与实验指导     索取号:Q4-33/36         预约/预借

序号 登录号 条形码 馆藏地/架位号 状态 备注
1 1241179   212411790   第二样本阅览室/ [索取号:Q4-33/36] 在馆    
2 1241180   212411807   第三借阅区/ [索取号:Q4-33/36] 在馆    
3 1241181   212411816   第三借阅区/ [索取号:Q4-33/36] 在馆    
4 1241182   212411825   第三借阅区/ [索取号:Q4-33/36] 在馆    
唐山师范学院图书馆 欢迎您!
大连网信软件有限公司© 版权所有